[Event "13th Asian Continental 2014"]
[Site "Sharjah UAE"]
[Date "2014.04.19"]
[Round "3.26"]
[White "Wang, Yiye"]
[Black "Darini, Pouria"]
[Result "1/2-1/2"]
[BlackTitle "GM"]
[WhiteElo "2415"]
[BlackElo "2471"]
[WhiteFideId "8606021"]
[BlackFideId "12502200"]
[EventDate "2014.04.17"]

1. e4 c5 2. Nf3 d6 3. Bb5+ Nd7 4. c4 Nf6 5. Nc3 e5 6. d3 Be7 7. O-O O-O 8. Bxd7
Nxd7 9. Nd5 Nb6 10. Ne3 g6 11. Bd2 Be6 12. Ba5 Qe8 13. Qb3 Bd8 14. Bxb6 axb6 15.
Nd2 Ra5 16. Qc3 f5 17. Nd5 Bxd5 18. cxd5 b5 19. b4 cxb4 20. Qxb4 Ra6 21. Rab1
Rxa2 22. Nf3 fxe4 23. dxe4 Ra4 24. Qxd6 Rxe4 25. Rfe1 Rxe1+ 26. Rxe1 e4 27. Nd2
Ba5 28. Rxe4 Qf7 29. Nf3 Rd8 30. Qa3 Bb6 31. d6 Qd5 32. Re7 Qd1+ 33. Ne1 Qxd6
34. Qb3+ Qd5 35. Qh3 h5 36. Re6 Rd6 37. Re8+ Kf7 38. Re2 Re6 39. Rxe6 Qxe6 40.
Qf3+ Kg8 41. Nd3 Qc6 42. Qf4 Qd5 43. Qg3 Kh7 44. h4 Bd8 45. Qf4 Kg7 46. Qe3 Bxh4
47. Nf4 Qf5 48. g3 Bf6 49. Qe8 Kh7 50. Ne6 Bg7 51. Qd7 Qf6 52. f4 Kh6 53. Kh2
Qb2+ 54. Kh3 Qf6 55. Kh2 Qb2+ 56. Kh3 Qf6 1/2-1/2

[Event "13th Asian Continental 2014"]
[Site "Sharjah UAE"]
[Date "2014.04.19"]
[Round "3.27"]
[White "Khader, Sami"]
[Black "Al-Takrori, Husam"]
[Result "1/2-1/2"]
[WhiteTitle "IM"]
[WhiteElo "2356"]
[BlackElo "2097"]
[WhiteFideId "8100500"]
[BlackFideId "11501200"]
[EventDate "2014.04.17"]

1. d4 Nf6 2. c4 e6 3. Nf3 Bb4+ 4. Nbd2 b6 5. a3 Bxd2+ 6. Bxd2 h6 7. g3 Bb7 8.
Bg2 d6 9. Bc1 Nbd7 10. b4 Qe7 11. O-O O-O 12. Bb2 c5 13. Qb3 e5 14. bxc5 exd4
15. cxd6 Qxd6 16. Nxd4 Bxg2 17. Kxg2 Rac8 18. Rac1 Ne5 19. Nf3 Nc6 20. Qd3 Qe6
21. c5 Rfd8 22. Qa6 Nd5 23. cxb6 axb6 24. Rfd1 Ra8 25. Qc4 Na5 26. Qd4 f6 27.
Rb1 Nb3 1/2-1/2

[Event "13th Asian Continental 2014"]
[Site "Sharjah UAE"]
[Date "2014.04.19"]
[Round "3.28"]
[White "Al-Hajiri, Bader"]
[Black "Al-Hadarani, Hatim"]
[Result "1-0"]
[BlackTitle "FM"]
[WhiteElo "2095"]
[BlackElo "2249"]
[WhiteFideId "10300163"]
[BlackFideId "9400273"]
[EventDate "2014.04.17"]

1. e4 c5 2. Nf3 a6 3. d4 cxd4 4. Nxd4 e5 5. Nf3 Nf6 6. Bc4 Qc7 7. Bb3 Bb4+ 8.
Bd2 Bxd2+ 9. Qxd2 O-O 10. Nc3 Nc6 11. O-O-O b5 12. g4 d5 13. Nxd5 Nxd5 14. Bxd5
Bxg4 15. Rdg1 Bh5 16. Rg5 Bg6 17. h4 Rfd8 18. Qc3 Rac8 19. h5 b4 20. Qc5 Rxd5
21. exd5 Be4 22. Rhg1 g6 23. hxg6 hxg6 24. Nd2 Qd8 25. Nxe4 Nd4 26. Qd6 Ne2+ 27.
Kd2 Nxg1 28. Qxd8+ Rxd8 29. Rxg1 Rxd5+ 30. Ke2 Kg7 31. Rd1 Ra5 32. Ra1 f5 33.
Nd2 Rc5 34. Kd1 g5 35. a3 a5 36. axb4 axb4 37. Ra7+ Kg6 38. Rb7 g4 39. Rxb4 f4
40. c4 Kf5 41. Rb5 Rc8 42. Ke2 Rh8 43. c5 g3 44. fxg3 Rh2+ 45. Kd3 fxg3 46. c6
g2 47. c7 Rh8 48. Nf3 Kf4 49. Ng1 Rc8 50. Rc5 e4+ 51. Kd4 Kg3 52. Kxe4 Kf2 53.
Rc1 1-0

[Event "13th Asian Continental 2014"]
[Site "Sharjah UAE"]
[Date "2014.04.19"]
[Round "3.29"]
[White "Raes, Abdul Kader"]
[Black "Shehab, Ibrahim"]
[Result "1-0"]
[WhiteElo "2248"]
[BlackElo "2082"]
[WhiteFideId "7600801"]
[BlackFideId "10300082"]
[EventDate "2014.04.17"]

1. d4 d5 2. Nf3 c6 3. c4 Nf6 4. Nc3 e6 5. g3 Nbd7 6. Bg2 Bd6 7. O-O O-O 8. Nd2
dxc4 9. Nxc4 Bc7 10. b3 Nd5 11. Bb2 b5 12. Nd2 f5 13. Rc1 Rb8 14. e4 Nb4 15. Qe2
Bb6 16. a3 Na6 17. Nf3 Nf6 18. Ne5 Qe8 19. exf5 Bb7 20. fxe6 Qxe6 21. Nxc6 Qxe2
22. Nxe2 Rbe8 23. Nf4 Bc8 24. Rfe1 Bc7 25. Ne7+ Kh8 26. Nxc8 Rxe1+ 27. Rxe1 Bxf4
28. Nxa7 Bb8 29. Nxb5 h6 30. Re7 Ng4 31. d5 Nf6 32. b4 Kh7 33. d6 Kg6 34. Bb7 1-0

[Event "13th Asian Continental 2014"]
[Site "Sharjah UAE"]
[Date "2014.04.19"]
[Round "3.31"]
[White "Al Mutairi, Hassan S"]
[Black "Abdulkarim, Ali"]
[Result "1/2-1/2"]
[WhiteElo "2106"]
[BlackElo "1927"]
[WhiteFideId "21500193"]
[BlackFideId "9301640"]
[EventDate "2014.04.17"]

1. d4 Nf6 2. Nf3 d5 3. Bf4 e6 4. e3 c5 5. c3 Nc6 6. Bd3 cxd4 7. exd4 Bd6 8. Bg3
O-O 9. Nbd2 b6 10. Ne5 Bb7 11. f4 Ne7 12. Qb1 Ng6 13. Nxg6 hxg6 14. Nf3 Ne4 15.
Ne5 Kh7 16. Qd1 Bxe5 17. fxe5 f5 18. Qf3 1/2-1/2

[Event "13th Asian Continental 2014"]
[Site "Sharjah UAE"]
[Date "2014.04.19"]
[Round "3.32"]
[White "khayat, Abdullah F"]
[Black "Muniz Pardino, Alberto"]
[Result "0-1"]
[WhiteElo "1716"]
[BlackElo "2105"]
[WhiteFideId "21500460"]
[BlackFideId "2229560"]
[EventDate "2014.04.17"]

1. e4 c5 2. Nc3 Nc6 3. Nf3 g6 4. Bc4 Bg7 5. Ne2 Nf6 6. d3 O-O 7. c3 d5 8. exd5
Nxd5 9. h3 e5 10. Bg5 Qd6 11. O-O h6 12. Bd2 Nb6 13. Qc1 Nxc4 14. dxc4 Kh7 15.
Ng3 Be6 16. Ne4 Qe7 17. b3 f5 18. Ng3 Rad8 19. Qc2 Rd7 20. Rad1 Rfd8 21. Bc1
Rxd1 22. Rxd1 Rxd1+ 23. Qxd1 e4 24. Nh2 Bxc3 25. Ne2 Bg7 26. Nf4 Bf7 27. Nf1 g5
28. Nd5 Qe5 29. Nfe3 h5 30. Bd2 f4 31. Bc3 Nd4 32. Nc2 Kh6 33. h4 Bxd5 34. cxd5
Qxd5 35. Bd2 Bf6 36. Na3 Nf5 37. hxg5+ Bxg5 38. Qc1 e3 39. Be1 f3 40. Nc4 exf2+ 0-1

[Event "13th Asian Continental 2014"]
[Site "Sharjah UAE"]
[Date "2014.04.20"]
[Round "4.1"]
[White "Ghaem Maghami, Ehsan"]
[Black "Yu, Yangyi"]
[Result "1/2-1/2"]
[WhiteTitle "GM"]
[BlackTitle "GM"]
[WhiteElo "2556"]
[BlackElo "2667"]
[WhiteFideId "12500739"]
[BlackFideId "8603820"]
[EventDate "2014.04.17"]

1. c4 e6 2. Nc3 d5 3. d4 Bb4 4. e3 Nf6 5. Nf3 O-O 6. Bd2 b6 7. a3 Bd6 8. b4 dxc4
9. Bxc4 Bb7 10. Qe2 c5 11. bxc5 bxc5 12. dxc5 Bxc5 13. O-O Nbd7 14. Na4 Be7 15.
Rfd1 Qc7 16. Rdc1 Ne5 17. Bd5 Nxf3+ 18. Qxf3 Bxd5 19. Rxc7 Bxf3 20. gxf3 Nd5 21.
Rb7 Rfb8 22. Rxb8+ Rxb8 23. e4 Nf6 24. Be3 Rb7 25. Rc1 h6 26. Rc8+ Kh7 27. Ra8
Bxa3 28. Rxa7 Rxa7 29. Bxa7 g5 30. Be3 Bd6 31. Nb2 Bc7 32. Nd3 Kg6 33. Kg2 Nh5
34. Bd4 Kh7 35. Bc5 Kg7 36. Be3 Bd6 37. Bd2 f6 38. Be3 Kf7 39. Bd2 Ke7 40. Be3
Kd7 41. Bd2 Kc6 42. h4 Kb5 1/2-1/2

[Event "13th Asian Continental 2014"]
[Site "Sharjah UAE"]
[Date "2014.04.20"]
[Round "4.2"]
[White "Kasimdzhanov, Rustam"]
[Black "Adhiban, Baskaran"]
[Result "1/2-1/2"]
[WhiteTitle "GM"]
[BlackTitle "GM"]
[WhiteElo "2693"]
[BlackElo "2609"]
[WhiteFideId "14200244"]
[BlackFideId "5018471"]
[EventDate "2014.04.17"]

1. d4 Nf6 2. c4 g6 3. Nc3 Bg7 4. e4 d6 5. Nf3 O-O 6. Be2 Na6 7. O-O e5 8. Re1 c6
9. Bf1 exd4 10. Nxd4 Ng4 11. h3 Qb6 12. hxg4 Qxd4 13. g5 Qe5 14. g3 Qe7 15. Be3
Nc5 16. Bg2 Nd7 17. Bd4 Ne5 18. f4 Bg4 19. Qb3 Nf3+ 20. Bxf3 Bxd4+ 21. Kg2 Be6
22. Rad1 Bh8 23. Qa3 c5 24. Nb5 Rad8 25. Qd3 1/2-1/2

[Event "13th Asian Continental 2014"]
[Site "Sharjah UAE"]
[Date "2014.04.20"]
[Round "4.3"]
[White "Rahman, Ziaur"]
[Black "Bu, Xiangzhi"]
[Result "1/2-1/2"]
[WhiteTitle "GM"]
[BlackTitle "GM"]
[WhiteElo "2513"]
[BlackElo "2699"]
[WhiteFideId "10200037"]
[BlackFideId "8601445"]
[EventDate "2014.04.17"]

1. Nf3 d5 2. g3 Nf6 3. Bg2 c6 4. O-O Bg4 5. d4 e6 6. Nbd2 Nbd7 7. Re1 Bd6 8. c3
O-O 9. e4 dxe4 10. Nxe4 Nxe4 11. Rxe4 Bh5 12. Qb3 Qc7 13. Nd2 Nb6 14. a4 c5 15.
a5 Nd5 16. Nc4 Be7 17. dxc5 Bxc5 18. Ne3 Nf6 19. Rh4 Rab8 20. Nf1 Rfd8 21. Bf4
e5 22. Be3 Be2 23. Bxc5 Qxc5 24. Qb4 Qc7 25. Ne3 h6 26. Bf1 Bxf1 27. Rxf1 Nd5
28. Rc4 Qd7 29. Nxd5 Qxd5 30. Rc5 1/2-1/2

[Event "13th Asian Continental 2014"]
[Site "Sharjah UAE"]
[Date "2014.04.20"]
[Round "4.5"]
[White "Ganguly, Surya Shekhar"]
[Black "Debashis, Das"]
[Result "1/2-1/2"]
[WhiteTitle "GM"]
[BlackTitle "GM"]
[WhiteElo "2631"]
[BlackElo "2504"]
[WhiteFideId "5002150"]
[BlackFideId "5024854"]
[EventDate "2014.04.17"]

1. e4 c5 2. Nf3 d6 3. Bb5+ Nc6 4. O-O Bd7 5. Re1 Nf6 6. c3 a6 7. Bf1 Bg4 8. h3
Bxf3 9. Qxf3 e6 10. d3 Be7 11. Nd2 O-O 12. Qd1 d5 13. e5 Nd7 14. Nf3 b5 15. Bf4
Rb8 16. b3 Re8 17. g3 Qc8 18. h4 Bd8 19. Ng5 Nf8 20. Qh5 Rb7 21. Bg2 Ba5 22.
Rac1 Rd7 23. Re2 Bc7 24. a3 Qb8 25. Rce1 Ree7 26. b4 cxb4 27. axb4 a5 28. bxa5
Bxa5 29. Rc1 h6 30. Nf3 Ng6 31. d4 b4 32. cxb4 Nxb4 33. Be3 Nd3 34. Ra1 Ra7 35.
Nh2 Bc3 36. Rf1 Ra4 37. Rd1 Qb3 38. Rxd3 Qb1+ 39. Bf1 Qxd3 40. Ra2 Qxf1+ 41.
Kxf1 Rxa2 42. Ng4 Bd2 43. Nxh6+ gxh6 44. Bxd2 Rxd2 45. Qxh6 Rxd4 46. Qg5 Re4 47.
f4 d4 48. h5 d3 49. hxg6 d2 50. Qxe7 d1=Q+ 51. Kg2 Qe2+ 52. Kg1 Qd1+ 53. Kg2 1/2-1/2

[Event "13th Asian Continental 2014"]
[Site "Sharjah UAE"]
[Date "2014.04.20"]
[Round "4.6"]
[White "Al-Sayed, Mohammed"]
[Black "Gupta, Abhijeet"]
[Result "1-0"]
[WhiteTitle "GM"]
[BlackTitle "GM"]
[WhiteElo "2502"]
[BlackElo "2630"]
[WhiteFideId "12100196"]
[BlackFideId "5010608"]
[EventDate "2014.04.17"]

1. d4 Nf6 2. c4 g6 3. Nc3 d5 4. cxd5 Nxd5 5. Bd2 Bg7 6. e4 Nxc3 7. Bxc3 O-O 8.
Qd2 c5 9. d5 e6 10. Bc4 exd5 11. Bxd5 Nd7 12. O-O-O Bxc3 13. Qxc3 Qg5+ 14. Qd2
Qxd2+ 15. Rxd2 Nf6 16. Ne2 Nxd5 17. exd5 Bd7 18. Nc3 Kg7 19. Ne4 b6 20. Nd6 Rad8
21. Re1 Ba4 22. Nc4 Rfe8 23. Rxe8 Rxe8 24. b3 Bd7 25. a4 Re1+ 26. Kb2 Kf8 27. a5
b5 28. Nd6 Ke7 29. Nb7 c4 30. bxc4 bxc4 31. Kc3 Rc1+ 32. Kb2 c3+ 33. Kxc1 cxd2+
34. Kxd2 Bc8 35. Nc5 Kd6 36. Ne4+ Kxd5 37. Ng5 Kc5 38. Nxh7 Kb5 39. Ng5 f5 40.
Nf7 Kxa5 41. Ne5 g5 42. f4 gxf4 43. h4 f3 44. gxf3 f4 45. h5 Bf5 46. Kc3 Ka4 47.
h6 Ka3 48. Nc6 a6 49. Nd4 Bg6 50. Ne6 a5 51. Nf8 Bf5 52. h7 Bxh7 53. Nxh7 a4 54.
Nf6 Ka2 55. Kc2 a3 56. Ne4 Ka1 57. Nc5 a2 58. Nb3# 1-0

[Event "13th Asian Continental 2014"]
[Site "Sharjah UAE"]
[Date "2014.04.20"]
[Round "4.8"]
[White "Shyam, Sundar M."]
[Black "Nguyen, Ngoc Truong Son"]
[Result "0-1"]
[WhiteTitle "GM"]
[BlackTitle "GM"]
[WhiteElo "2481"]
[BlackElo "2621"]
[WhiteFideId "5019141"]
[BlackFideId "12401110"]
[EventDate "2014.04.17"]

1. e4 e6 2. d4 d5 3. Nd2 c5 4. exd5 Qxd5 5. dxc5 Bxc5 6. Ngf3 Nf6 7. Bc4 Qc6 8.
O-O O-O 9. Qe2 a6 10. a4 b6 11. Ne5 Qc7 12. Ndf3 Bb7 13. Bf4 Nh5 14. Bd2 Nc6 15.
Nxf7 Rxf7 16. Ng5 Ne5 17. Bxe6 Qc6 18. Bh3 Rf5 19. Kh1 h6 20. f3 hxg5 21. Bxf5
Qf6 22. Rae1 Re8 23. g4 Nf4 24. Bxf4 gxf4 25. Be4 Bxe4 26. Qxe4 Be3 27. Rd1 Qg6
28. Qxg6 Nxg6 29. Rd6 Nh4 30. Rd5 a5 31. c3 Bc5 32. b4 Bf2 33. bxa5 bxa5 34.
Rxa5 Re2 35. Ra8+ Kf7 36. Ra5 Kg6 37. Ra6+ Kh7 38. Rc6 Nxf3 39. Rc4 Nd2 40. Rxf4
Nxf1 41. Kg2 Bg3+ 42. Kxf1 Re1+ 0-1

[Event "13th Asian Continental 2014"]
[Site "Sharjah UAE"]
[Date "2014.04.20"]
[Round "4.9"]
[White "Vidit, Santosh Gujrathi"]
[Black "Vakhidov, Jahongir"]
[Result "1/2-1/2"]
[WhiteTitle "GM"]
[BlackTitle "IM"]
[WhiteElo "2610"]
[BlackElo "2472"]
[WhiteFideId "5029465"]
[BlackFideId "14201801"]
[EventDate "2014.04.17"]

1. d4 Nf6 2. Bg5 e6 3. e4 h6 4. Bxf6 Qxf6 5. c3 d6 6. Bd3 Nd7 7. Ne2 b6 8. O-O
Bb7 9. Nd2 g6 10. f4 Qe7 11. e5 Bg7 12. Be4 d5 13. Bd3 a6 14. b4 a5 15. b5 O-O-O
16. Qc2 Kb8 17. Rac1 Rc8 18. c4 Bf8 19. cxd5 exd5 20. f5 gxf5 21. Bxf5 h5 22.
Qd3 Bh6 23. Rc6 Rcg8 24. Nf3 Nf8 25. Nc3 Qd8 26. Kh1 h4 27. Rf6 Bg7 28. Rc6 Rh6
29. Rxh6 Bxh6 30. Bh3 Ne6 31. Qh7 Rh8 32. Qxf7 Nxd4 33. Nxd4 Rf8 34. Qxf8 Bxf8
35. Ne6 Qe7 36. Rxf8+ Ka7 37. Ne2 d4 38. Rd8 Qa3 39. Ng1 d3 40. Nf4 Qe7 41. Ne6
Qa3 42. Nf4 Qe7 43. Ne6 Qa3 44. Nf4 1/2-1/2

[Event "13th Asian Continental 2014"]
[Site "Sharjah UAE"]
[Date "2014.04.20"]
[Round "4.10"]
[White "Jumabayev, Rinat"]
[Black "Kunte, Abhijit"]
[Result "1-0"]
[WhiteTitle "GM"]
[BlackTitle "GM"]
[WhiteElo "2580"]
[BlackElo "2470"]
[WhiteFideId "13702661"]
[BlackFideId "5002265"]
[EventDate "2014.04.17"]

1. d4 Nf6 2. c4 e6 3. g3 Bb4+ 4. Bd2 a5 5. Bg2 c5 6. Nf3 Nc6 7. O-O cxd4 8. Bxb4
axb4 9. Nxd4 O-O 10. c5 Qe7 11. Nb3 Rd8 12. Qd6 Ne8 13. Qxe7 Nxe7 14. Rd1 d5 15.
cxd6 Nc6 16. N1d2 e5 17. Nc4 Be6 18. Bd5 Bxd5 19. Rxd5 f6 20. Rad1 Rxa2 21. Nc5
b5 22. Nb6 Kf7 23. d7 Nc7 24. Rd6 Na5 25. Rc1 Ke7 26. Nc8+ Kf7 27. Nb6 Ke7 28.
Nc8+ Kf7 29. Na7 Ke7 30. Rcd1 Kf7 31. Rc6 1-0

[Event "13th Asian Continental 2014"]
[Site "Sharjah UAE"]
[Date "2014.04.20"]
[Round "4.11"]
[White "Xu, Yinglun"]
[Black "Sethuraman, S.P."]
[Result "0-1"]
[BlackTitle "GM"]
[WhiteElo "2381"]
[BlackElo "2576"]
[WhiteFideId "8604940"]
[BlackFideId "5021596"]
[EventDate "2014.04.17"]

1. d4 Nf6 2. c4 e6 3. Nf3 d5 4. Nc3 Be7 5. Bg5 O-O 6. e3 h6 7. Bxf6 Bxf6 8. Rc1
c6 9. Bd3 Nd7 10. O-O a6 11. Qe2 dxc4 12. Bxc4 b5 13. Bd3 c5 14. dxc5 Nxc5 15.
Bb1 b4 16. Qc2 g6 17. Ne2 Nd7 18. Rfd1 Bb7 19. Qa4 Bxf3 20. gxf3 Bxb2 21. Rc2
Nb6 22. Rxd8 Nxa4 23. Rxa8 Rxa8 24. Rc4 a5 25. Bc2 Nb6 26. Rc6 Rb8 27. Nf4 a4
28. Nd3 b3 29. axb3 a3 30. Nb4 Nd7 31. Na2 Ne5 32. Rc5 Nxf3+ 33. Kg2 Ne1+ 0-1

[Event "13th Asian Continental 2014"]
[Site "Sharjah UAE"]
[Date "2014.04.20"]
[Round "4.12"]
[White "Salem, A.R. Saleh"]
[Black "Omar, Noaman"]
[Result "1-0"]
[WhiteTitle "GM"]
[BlackTitle "IM"]
[WhiteElo "2561"]
[BlackElo "2361"]
[WhiteFideId "9301348"]
[BlackFideId "9300244"]
[EventDate "2014.04.17"]

1. e4 e6 2. Nf3 c5 3. d4 cxd4 4. Nxd4 a6 5. Nc3 Qc7 6. g3 Bb4 7. Bd2 Nc6 8. Nb3
Nf6 9. Bg2 d6 10. O-O Bxc3 11. Bxc3 e5 12. f4 h5 13. f5 b6 14. Be1 Bb7 15. c4
Rd8 16. h3 a5 17. Bf2 Nb4 18. Qe2 Na6 19. Nd2 Bc6 20. Nb1 Qb7 21. Nc3 Nc5 22.
Rae1 Rb8 23. b3 b5 24. Bxc5 dxc5 25. Qe3 O-O 26. Nd5 Bxd5 27. exd5 bxc4 28. bxc4
Qb4 29. Rc1 e4 30. Rf2 Rfe8 31. Bf1 a4 32. Rd1 Rb7 33. Rg2 a3 34. g4 hxg4 35.
hxg4 Nd7 36. Rh2 Ne5 37. Qxe4 Qa4 38. Qh1 f6 39. Rh8+ Kf7 40. Qh5+ Ke7 41. d6+
Kd8 42. d7 1-0

[Event "13th Asian Continental 2014"]
[Site "Sharjah UAE"]
[Date "2014.04.20"]
[Round "4.13"]
[White "Gopal, G.N."]
[Black "Fang, Yan"]
[Result "1-0"]
[WhiteTitle "GM"]
[WhiteElo "2553"]
[BlackElo "2323"]
[WhiteFideId "5015693"]
[BlackFideId "8604746"]
[EventDate "2014.04.17"]

1. e4 e5 2. Nf3 Nc6 3. Bb5 Nge7 4. Nc3 a6 5. Be2 d5 6. exd5 Nxd5 7. d3 Be7 8.
O-O O-O 9. Re1 Re8 10. h3 h6 11. Bf1 Bf8 12. Bd2 Bf5 13. g3 Qd7 14. Nxd5 Qxd5
15. Bg2 Qd7 16. g4 Bh7 17. Bc3 e4 18. dxe4 Qxd1 19. Raxd1 Rxe4 20. Rxe4 Bxe4 21.
Ne5 Bxg2 22. Kxg2 Rd8 23. Rxd8 Nxd8 24. f4 Bd6 25. f5 f6 26. Nd3 Nf7 27. Bd4 h5
28. c4 Nh6 29. Kf3 Kf7 30. c5 Be7 31. c6 bxc6 32. Bc5 hxg4+ 33. hxg4 Ke8 34.
Bxe7 Kxe7 35. b4 Kd6 36. Nc5 Nf7 37. Ke4 Ng5+ 38. Ke3 Kd5 39. Nxa6 Kc4 40. a4
Nf7 41. a5 Nd6 42. Nxc7 Kxb4 43. a6 Nc8 44. Ne6 Kb5 45. Nxg7 Kxa6 46. Ne8 Kb5
47. Nxf6 Ne7 48. Ke4 1-0

[Event "13th Asian Continental 2014"]
[Site "Sharjah UAE"]
[Date "2014.04.20"]
[Round "4.14"]
[White "Vishnu Prasanna, V"]
[Black "Batchuluun, Tsegmed"]
[Result "1-0"]
[WhiteTitle "GM"]
[BlackTitle "GM"]
[WhiteElo "2465"]
[BlackElo "2521"]
[WhiteFideId "5030692"]
[BlackFideId "4900847"]
[EventDate "2014.04.17"]

1. e4 e6 2. d4 d5 3. Nc3 Nf6 4. e5 Nfd7 5. f4 c5 6. Nf3 Nc6 7. Be3 Be7 8. Qd2
O-O 9. dxc5 Bxc5 10. O-O-O Qa5 11. a3 Rd8 12. Nd4 Nxd4 13. Bxd4 Bxd4 14. Qxd4
Qc5 15. Ne2 b6 16. Qd3 a5 17. Nd4 Ba6 18. Qg3 Bxf1 19. Rhxf1 Rac8 20. Kb1 Qc7
21. f5 Qxe5 22. fxe6 fxe6 23. Qxe5 Nxe5 24. Rfe1 Nc4 25. Nxe6 Rd7 26. Nd4 a4 27.
Nf3 h6 28. Rd4 Rc5 29. Ka2 b5 30. Re8+ Kh7 31. h4 Nd6 32. Re5 Nc4 33. Re2 Nd6
34. Re5 Nc4 35. Re1 Nd6 36. c3 Nf5 37. Rf4 Nd6 38. Re5 Nf7 39. Re6 Rcc7 40. Nd4
Rb7 41. Rf5 Rb8 42. g4 Rbb7 43. Ra6 Rb8 44. Ra5 g6 45. Rf6 Ne5 46. Raa6 Rf7 47.
Rfe6 Nd3 48. Rxg6 Rf2 49. Rxh6+ Kg8 50. Rag6+ Kf7 51. Nf5 Rg8 52. Nd6+ Kf8 53.
Rf6+ Rxf6 54. Rxf6+ Ke7 55. g5 1-0

[Event "13th Asian Continental 2014"]
[Site "Sharjah UAE"]
[Date "2014.04.20"]
[Round "4.15"]
[White "Chu, Wei Chao"]
[Black "Wang, Chen"]
[Result "1-0"]
[BlackTitle "IM"]
[WhiteElo "2315"]
[BlackElo "2513"]
[WhiteFideId "8605661"]
[BlackFideId "8601020"]
[EventDate "2014.04.17"]

1. d4 e6 2. e4 d5 3. Nc3 Nc6 4. Nf3 Bb4 5. e5 Nge7 6. a3 Bxc3+ 7. bxc3 b6 8. a4
Qd7 9. Ba3 Bb7 10. Bb5 a6 11. Bd3 h6 12. O-O O-O-O 13. Qe2 a5 14. Nd2 Kb8 15.
Rab1 Na7 16. Nb3 Ka8 17. Rb2 Ng6 18. Ba6 Bxa6 19. Qxa6 Qxa4 20. Ra1 Qc4 21. Qxc4
dxc4 22. Nd2 Nxe5 23. f4 Ng6 24. g3 e5 25. f5 exd4 26. Nxc4 dxc3 27. Rb3 Nf8 28.
Ne5 Rd5 29. Nxf7 Rg8 30. Rxc3 Nb5 31. Re3 Nd7 32. Bb2 Rxf5 33. Re7 Rf8 34. Rf1
Rxf1+ 35. Kxf1 Nd6 36. Rxd7 g6 37. Rd8+ Rxd8 38. Nxd8 Nc4 39. Bc1 a4 40. Bxh6
Na3 41. c3 c5 42. Ke2 Nc4 43. Bc1 a3 44. Bxa3 Nxa3 45. Kd3 Nb5 46. h4 Nd6 47. g4
Kb8 48. Nc6+ Kc7 49. Ne5 b5 50. Nxg6 b4 51. cxb4 cxb4 52. Ne5 Ne8 53. h5 Kd6 54.
h6 Nf6 55. g5 Kxe5 56. g6 Ng8 1-0

[Event "13th Asian Continental 2014"]
[Site "Sharjah UAE"]
[Date "2014.04.20"]
[Round "4.18"]
[White "Dao, Thien Hai"]
[Black "Sengupta, Deep"]
[Result "1-0"]
[WhiteTitle "GM"]
[BlackTitle "GM"]
[WhiteElo "2490"]
[BlackElo "2531"]
[WhiteFideId "12400084"]
[BlackFideId "5008352"]
[EventDate "2014.04.17"]

1. d4 d5 2. c4 e6 3. Nc3 c6 4. e3 Nf6 5. Nf3 Nbd7 6. Qc2 Bd6 7. Bd3 O-O 8. O-O
dxc4 9. Bxc4 e5 10. h3 Qe7 11. Bd2 e4 12. Ng5 Nb6 13. Bb3 Bf5 14. f3 h6 15.
Ngxe4 Rae8 16. Qd1 Nxe4 17. fxe4 Bxe4 18. Nxe4 Qxe4 19. Qf3 Nd5 20. Qxe4 Rxe4
21. Rf3 Re7 22. Raf1 Rfe8 23. Kf2 Nf4 24. h4 Bc7 25. g3 Nd5 26. Ke2 Bb6 27. Kd3
Rd8 28. g4 c5 29. g5 g6 30. gxh6 Rdd7 31. h5 gxh5 32. Rf5 Nc7 33. d5 Kh7 34.
Rxh5 Ne8 35. Ke2 f6 36. Bc2+ Kh8 37. Bc3 c4 38. Rxf6 Rxe3+ 39. Kd2 Nxf6 40.
Bxf6+ Kg8 41. h7+ 1-0

[Event "13th Asian Continental 2014"]
[Site "Sharjah UAE"]
[Date "2014.04.20"]
[Round "4.19"]
[White "Nguyen, Duc Hoa"]
[Black "Pourramezanali, Amirreza"]
[Result "1-0"]
[WhiteTitle "IM"]
[BlackTitle "FM"]
[WhiteElo "2508"]
[BlackElo "2435"]
[WhiteFideId "12401358"]
[BlackFideId "12511412"]
[EventDate "2014.04.17"]

1. d4 d5 2. c4 c6 3. Nf3 Nf6 4. Qc2 g6 5. Bf4 Bg7 6. e3 O-O 7. Nc3 Na6 8. Rd1
Qa5 9. a3 c5 10. dxc5 Ne4 11. Be5 Nxc3 12. Bxc3 Bxc3+ 13. Qxc3 Qxc3+ 14. bxc3
dxc4 15. c6 b5 16. a4 Rb8 17. Nd4 Nc7 18. Nxb5 Nxb5 19. axb5 Rxb5 20. Be2 Rc5
21. Bf3 Bf5 22. Rd5 Rxd5 23. Bxd5 Bd3 24. f4 Rc8 25. Kf2 e6 26. Bf3 Kf8 27. Ra1
Rc7 28. e4 Rxc6 29. Rxa7 Rb6 30. Ke3 Rb2 31. h4 Bf1 32. g3 Rc2 33. Kd4 Kg7 34.
Bg4 Kg8 35. h5 Rh2 36. Ke5 gxh5 37. Kf6 h6 38. Bf3 Rh3 39. Rxf7 Bd3 40. f5 Rxg3
41. Bxh5 exf5 42. e5 f4 43. e6 Re3 44. e7 f3 45. Rf8+ Kh7 46. Bf7 h5 47. Bg8+
Kh6 48. Bxc4 1-0

[Event "13th Asian Continental 2014"]
[Site "Sharjah UAE"]
[Date "2014.04.20"]
[Round "4.20"]
[White "Lalith, Babu M.R."]
[Black "Najjar, Ahmad"]
[Result "1-0"]
[WhiteTitle "GM"]
[BlackTitle "FM"]
[WhiteElo "2594"]
[BlackElo "2261"]
[WhiteFideId "5024595"]
[BlackFideId "5300100"]
[EventDate "2014.04.17"]

1. d4 d5 2. Nf3 c6 3. c4 e6 4. Qc2 Bd6 5. Bg5 Nf6 6. Nc3 Nbd7 7. e3 O-O 8. Bd3
Qa5 9. c5 Bb8 10. Rb1 h6 11. Bh4 e5 12. dxe5 Ng4 13. b4 Qc7 14. Be7 Re8 15. Bd6
Qd8 16. e6 Rxe6 17. Bf5 Rxd6 18. cxd6 Ngf6 19. O-O Bxd6 20. e4 Ne5 21. Nd4 Nc4
22. Qd3 Be5 23. exd5 Nxd5 24. Bxc8 Rxc8 25. Qxc4 Nb6 26. Qe2 Qxd4 27. Ne4 Re8
28. g3 Nd5 29. Rfd1 Qb6 30. b5 Qc7 31. Rbc1 Qb6 32. a4 Bd6 33. Rxd5 cxd5 34.
Nf6+ gxf6 35. Qxe8+ Bf8 36. Rc8 Qd6 37. Rd8 Qb4 38. Rd7 Qb1+ 39. Kg2 Qe4+ 40.
Qxe4 1-0

[Event "13th Asian Continental 2014"]
[Site "Sharjah UAE"]
[Date "2014.04.20"]
[Round "4.21"]
[White "Vaibhav, Suri"]
[Black "Raes, Abdul Kader"]
[Result "1/2-1/2"]
[WhiteTitle "GM"]
[WhiteElo "2530"]
[BlackElo "2248"]
[WhiteFideId "5045185"]
[BlackFideId "7600801"]
[EventDate "2014.04.17"]

1. d4 Nf6 2. c4 g6 3. Nf3 Bg7 4. g3 O-O 5. Bg2 c5 6. O-O cxd4 7. Nxd4 Nc6 8. Nc3
Nxd4 9. Qxd4 d6 10. Qd2 Rb8 11. b3 a6 12. Bb2 Qa5 13. e4 Be6 14. Qe2 b5 15. Nd5
Nxd5 16. Bxg7 Nc3 17. Bxc3 Qxc3 18. Rac1 Qa5 19. c5 dxc5 20. Rxc5 Rfd8 21. Rc2 1/2-1/2